[Event "1st Binhai Cup 2018"]
[Site "Tianjin CHN"]
[Date "2018.12.30"]
[Round "6.3"]
[White "Sethuraman, S.P."]
[Black "Liu, Guanchu"]
[Result "0-1"]
[WhiteTitle "GM"]
[BlackTitle "IM"]
[WhiteElo "2664"]
[BlackElo "2432"]
[WhiteFideId "5021596"]
[BlackFideId "8603901"]
[EventDate "2018.12.25"]

1. Nf3 Nf6 2. g3 b6 3. Bg2 Bb7 4. c4 c5 5. O-O e6 6. b3 Be7 7. Bb2 O-O 8. e3 d5
9. Nc3 dxc4 10. bxc4 Ne4 11. Ne2 Nc6 12. Nf4 Bf6 13. Qb1 Bxb2 14. Qxb2 Qf6 15.
d4 cxd4 16. exd4 Rfd8 17. Rad1 Nd6 18. Ne5 Rac8 19. Qe2 Nf5 20. Nxc6 Bxc6 21. d5
Ba4 22. Rd2 exd5 23. Bxd5 g6 24. Qf3 Bc6 25. Rfd1 Re8 26. Qa3 a5 27. Qb2 Qxb2
28. Rxb2 Bxd5 29. cxd5 Rb8 30. Rdb1 Rec8 31. Kg2 Kf8 32. g4 Nh4+ 33. Kg3 g5 34.
Ne2 Rc5 35. Rb5 Rbc8 36. f4 h6 37. Kf2 Rc2 38. fxg5 hxg5 39. R1b2 Ng6 40. Rxb6
Nf4 41. d6 Rxb2 42. Rxb2 Nd3+ 43. Ke3 Nxb2 0-1

[Event "1st Binhai Cup 2018"]
[Site "Tianjin CHN"]
[Date "2018.12.30"]
[Round "6.4"]
[White "Peng, Xiongjian"]
[Black "Idani, Pouya"]
[Result "1/2-1/2"]
[BlackTitle "GM"]
[WhiteElo "2438"]
[BlackElo "2611"]
[WhiteFideId "8610550"]
[BlackFideId "12510130"]
[EventDate "2018.12.25"]

1. d4 Nf6 2. c4 e6 3. Nf3 a6 4. Nc3 d5 5. c5 b6 6. cxb6 cxb6 7. Bg5 Bb7 8. e3
Nbd7 9. Bd3 Bd6 10. O-O O-O 11. Rc1 b5 12. e4 dxe4 13. Nxe4 Be7 14. Nc5 Bd5 15.
a3 Ra7 16. Re1 Qa8 17. Be2 h6 18. Bh4 Rd8 19. Qc2 Nb6 20. b3 Nc8 21. Red1 Nd6
22. Bg3 Nf5 23. b4 Bd6 24. Ne1 Bxg3 25. hxg3 Nd6 26. a4 bxa4 27. Qxa4 Bc6 28.
Qa2 a5 29. bxa5 Rxa5 30. Qd2 Nf5 31. Nxe6 fxe6 32. Rxc6 Nxd4 33. Rcc1 Ra2 34.
Nc2 Ne4 35. Qe3 Nxe2+ 36. Qxe2 Rc8 37. Rd4 Ng5 38. Rc4 Qa6 39. Nb4 Rxc4 40. Qxc4
Qxc4 1/2-1/2

[Event "1st Binhai Cup 2018"]
[Site "Tianjin CHN"]
[Date "2018.12.30"]
[Round "6.5"]
[White "Tabatabaei, M.amin"]
[Black "Zhu, Jiner"]
[Result "0-1"]
[WhiteTitle "GM"]
[BlackTitle "WIM"]
[WhiteElo "2587"]
[BlackElo "2409"]
[WhiteFideId "12521213"]
[BlackFideId "8608059"]
[EventDate "2018.12.25"]

1. e4 e5 2. Nf3 Nc6 3. Bb5 a6 4. Ba4 Nf6 5. O-O Be7 6. d3 b5 7. Bb3 d6 8. a4 b4
9. a5 O-O 10. Nbd2 Be6 11. Bxe6 fxe6 12. Re1 Qe8 13. c3 Rb8 14. Nc4 Qg6 15. h3
Nh5 16. Be3 Nf4 17. Bxf4 Rxf4 18. Kh2 Rbf8 19. Ncd2 d5 20. Qa4 Qe8 21. Kg1 Bd6
22. Rac1 h6 23. Kf1 Qa8 24. Qa2 bxc3 25. bxc3 Ne7 26. c4 c6 27. d4 Bb4 28. exd5
e4 29. d6 exf3 30. dxe7 fxg2+ 31. Kg1 Bxe7 32. Rxe6 Bf6 33. c5 Kh8 34. Ne4 Bxd4
35. Rc2 Qb7 36. Rd2 Qb4 37. Qc2 Qa3 38. Rd3 Qa1+ 39. Rd1 Bxf2+ 40. Kxg2 Qa3 41.
Rd3 Qb4 42. Rb3 Qe1 43. Rb1 Qe3 44. Rb3 Qe1 45. Rb1 Qxa5 46. Nf6 gxf6 47. Qg6
Qc7 48. Re8 Bxc5 49. Qxh6+ Kg8 50. Kh1 Rxe8 51. Qg6+ Kf8 52. Qh6+ Kg8 53. Qg6+
Kf8 54. Qh6+ Qg7 55. Qxf4 Qg6 56. Rf1 Kg7 57. Qc7+ Re7 58. Qxc6 Qe4+ 59. Qxe4
Rxe4 60. Ra1 Re6 61. Kg2 Bb4 62. Kf3 a5 63. Kf4 Bd2+ 64. Kg4 Kg6 65. Ra2 f5+ 66.
Kf3 Rd6 67. Ra4 Bb4 68. h4 Rd3+ 0-1

[Event "1st Binhai Cup 2018"]
[Site "Tianjin CHN"]
[Date "2018.12.30"]
[Round "6.6"]
[White "Li, Yankai"]
[Black "Sivuk, Vitaly"]
[Result "1/2-1/2"]
[BlackTitle "GM"]
[WhiteElo "2427"]
[BlackElo "2542"]
[WhiteFideId "8609357"]
[BlackFideId "14116502"]
[EventDate "2018.12.25"]

1. e4 c5 2. Nf3 d6 3. d4 cxd4 4. Nxd4 Nf6 5. Nc3 a6 6. Bg5 Nbd7 7. Bc4 Qb6 8.
O-O Qxb2 9. Nd5 Nxd5 10. Rb1 Qc3 11. Bxd5 e6 12. Bxb7 Bxb7 13. Rxb7 Nc5 14. Rb6
Nxe4 15. Be3 Qc8 16. c4 Nc5 17. Nf5 exf5 18. Bxc5 Qxc5 19. Rb7 Be7 20. Qa4+ Kf8
21. Re1 d5 22. Rexe7 Qxe7 23. Rxe7 Kxe7 24. Qb4+ Ke6 25. Qb6+ Ke5 26. Qe3+ Kf6
27. Qb6+ Kg5 28. Qe3+ f4 29. h4+ Kf5 30. Qd3+ Kf6 31. Qd4+ Kg6 32. Qxf4 f6 33.
Qg4+ Kh6 34. Qf4+ Kg6 35. Qg4+ Kh6 36. cxd5 Rhe8 37. Qf5 Re5 38. Qd7 Rb8 39. Kh2
Rb2 40. f4 Ree2 41. Qg4 Rxg2+ 42. Qxg2 Rxg2+ 43. Kxg2 Kg6 44. Kf3 Kf7 45. Ke4
Ke7 46. h5 g6 47. h6 Kd6 48. Kd4 a5 49. a4 g5 50. fxg5 fxg5 51. Ke4 g4 52. Kf4
Kxd5 53. Kxg4 Ke4 54. Kg5 Ke5 55. Kg4 Kf6 56. Kf4 Kg6 57. Ke5 Kxh6 58. Kf6 Kh5
59. Kf5 Kh4 60. Kf4 h5 61. Kf3 Kg5 62. Kg3 Kf5 63. Kh4 Ke4 64. Kxh5 Kd4 65. Kg4
Kc4 66. Kf3 Kb4 67. Ke2 Kxa4 68. Kd2 Kb3 69. Kc1 1/2-1/2

[Event "1st Binhai Cup 2018"]
[Site "Tianjin CHN"]
[Date "2018.12.30"]
[Round "6.7"]
[White "Liu, Yan"]
[Black "Zhao, Yuanhe"]
[Result "0-1"]
[WhiteTitle "GM"]
[WhiteElo "2495"]
[BlackElo "2388"]
[WhiteFideId "8608962"]
[BlackFideId "8609497"]
[EventDate "2018.12.25"]

1. Nf3 Nf6 2. c4 c5 3. g3 Nc6 4. Bg2 g6 5. b3 Bg7 6. Bb2 O-O 7. O-O d6 8. d4
cxd4 9. Nxd4 Bd7 10. Nc3 Nxd4 11. Qxd4 Bc6 12. Nd5 Bxd5 13. Bxd5 Ne8 14. Qd2
Bxb2 15. Qxb2 Qc7 16. Rfd1 Nf6 17. Rd4 Rab8 18. a4 a5 19. Rad1 Rfc8 20. Rf4 Qd8
21. Rd3 Rc5 22. Qd2 Nxd5 23. Rxd5 Rbc8 24. h4 Qf8 25. h5 b6 26. hxg6 hxg6 27.
Re4 R8c7 28. Qe3 e6 29. Rd3 R7c6 30. Qd2 Rh5 31. Red4 Qa8 32. f3 Qb8 33. g4 d5
34. Qf4 Qxf4 35. Rxf4 Re5 36. Kf2 g5 37. Rfd4 dxc4 38. bxc4 Rec5 39. Rc3 Kg7 40.
Ke1 e5 41. Re4 Rd6 42. Rd3 Rdc6 43. Rc3 Rd6 44. Rc2 Kf6 45. Kf2 Ke6 46. Rc1 Rd2
47. Re3 Rb2 48. Rd3 Rb4 49. Rd8 Rbxc4 50. Rcd1 Rc6 51. Re8+ Kf6 52. Rd7 Re6 53.
Rf8 Re7 54. Rd6+ Kg7 55. Rb8 Rxa4 56. Rbxb6 e4 57. Rb5 f6 58. Rf5 exf3 59. Kxf3
Ra3+ 60. Kf2 Ra2 61. Rdxf6 Raxe2+ 62. Kf1 R2e5 63. Ra6 Rf7 64. Rxf7+ Kxf7 65.
Kf2 Ke7 66. Kf3 Kd7 67. Rb6 Kc7 68. Rf6 Kb7 69. Rf5 Rxf5+ 70. gxf5 Kc6 71. Kg4
Kd6 72. Kxg5 Ke7 73. Kg6 Kf8 0-1

[Event "1st Binhai Cup 2018"]
[Site "Tianjin CHN"]
[Date "2018.12.30"]
[Round "6.8"]
[White "Chen, Fan"]
[Black "Peng, Hongchi"]
[Result "1/2-1/2"]
[WhiteTitle "FM"]
[WhiteElo "2370"]
[BlackElo "2273"]
[WhiteFideId "8600767"]
[BlackFideId "8609047"]
[EventDate "2018.12.25"]

1. e4 c5 2. Nf3 e6 3. Nc3 Nc6 4. Bb5 d6 5. O-O Bd7 6. d4 cxd4 7. Nxd4 Nf6 8. Kh1
Be7 9. f4 O-O 10. Nf3 Qc7 11. Qe2 a6 12. Bd3 Nb4 13. a3 Nxd3 14. cxd3 b5 15. Bd2
a5 16. Nd1 Qb7 17. Qe1 Qb6 18. Ne3 Rfc8 19. Bc3 Nh5 20. f5 Bf6 21. fxe6 fxe6 22.
e5 dxe5 23. Nxe5 Be8 24. N3g4 Be7 25. Qe4 Qc7 26. Rae1 b4 27. axb4 axb4 28. Bxb4
Ra4 29. Bxe7 Qxe7 30. Nc4 Bg6 31. Qe5 Bxd3 32. b3 Bxf1 33. Rxf1 Rf8 34. Rg1 Rf5
35. Qb8+ Rf8 36. Qe5 1/2-1/2

[Event "1st Binhai Cup 2018"]
[Site "Tianjin CHN"]
[Date "2018.12.30"]
[Round "6.9"]
[White "Wang, Shixu B"]
[Black "Lu, Shanglei"]
[Result "0-1"]
[BlackTitle "GM"]
[WhiteElo "2342"]
[BlackElo "2636"]
[WhiteFideId "8610665"]
[BlackFideId "8603332"]
[EventDate "2018.12.25"]

1. d4 Nf6 2. c4 c5 3. d5 e6 4. Nc3 exd5 5. cxd5 d6 6. e4 g6 7. Nge2 Bg7 8. Ng3
O-O 9. Be2 b6 10. O-O Re8 11. Bg5 a6 12. a4 Nbd7 13. Qd2 Bb7 14. h4 Qc7 15. Qf4
h5 16. Bh6 Bh8 17. Bg5 Nh7 18. Qd2 Nxg5 19. Qxg5 Bf6 20. Qh6 Qd8 21. Qd2 Be5 22.
Qg5 Qxg5 23. hxg5 h4 24. Nh1 Bxc3 25. bxc3 Rxe4 0-1

[Event "1st Binhai Cup 2018"]
[Site "Tianjin CHN"]
[Date "2018.12.30"]
[Round "6.10"]
[White "Zhao, Chenxi"]
[Black "Chigaev, Maksim"]
[Result "0-1"]
[BlackTitle "GM"]
[WhiteElo "2328"]
[BlackElo "2606"]
[WhiteFideId "8611513"]
[BlackFideId "4108116"]
[EventDate "2018.12.25"]

1. e4 g6 2. d4 Bg7 3. Ne2 d6 4. g3 Nf6 5. Bg2 O-O 6. O-O e5 7. c4 exd4 8. Nxd4
Re8 9. Nc3 Nbd7 10. h3 a6 11. Re1 Rb8 12. Bg5 h6 13. Be3 c5 14. Nc2 b5 15. Qxd6
b4 16. Na4 Re6 17. Qd3 Qa5 18. b3 Bb7 19. Bf4 Ne5 20. Bxe5 Rxe5 21. Qd6 Rbe8 22.
f4 Nxe4 23. Bxe4 Rxe4 24. Nxc5 Bxa1 25. Rxa1 Re2 26. Nd7 Qf5 27. Nf6+ Kg7 28.
Nxe8+ Rxe8 29. Qxb4 Qe4 30. Qc3+ Kh7 31. Ne1 Qh1+ 32. Kf2 Qh2+ 33. Kf1 Qxh3+ 34.
Kf2 Qh2+ 35. Kf1 Qe2+ 36. Kg1 Re3 0-1

[Event "1st Binhai Cup 2018"]
[Site "Tianjin CHN"]
[Date "2018.12.30"]
[Round "6.11"]
[White "Yu, Lei"]
[Black "Xu, Yinglun"]
[Result "0-1"]
[BlackTitle "GM"]
[WhiteElo "2074"]
[BlackElo "2531"]
[WhiteFideId "8620733"]
[BlackFideId "8604940"]
[EventDate "2018.12.25"]

1. d4 e6 2. Nf3 c5 3. c3 Nc6 4. e4 d5 5. exd5 Qxd5 6. Be2 cxd4 7. cxd4 Nf6 8.
Nc3 Qd6 9. O-O Be7 10. h3 O-O 11. a3 b6 12. Nb5 Qd8 13. Ne5 Bd7 14. Bg5 Nd5 15.
Rc1 Nxd4 16. Qxd4 Bxg5 17. Rcd1 Bxb5 18. Bxb5 Bf6 19. Qe4 Bxe5 20. Qxe5 Rc8 21.
Ba6 Rc5 22. Bb7 Qc7 23. Qxc7 Nxc7 24. b4 Rc3 25. Rc1 Nb5 26. a4 Nd4 27. Rxc3
Ne2+ 28. Kh2 Nxc3 29. a5 Rb8 30. a6 Kf8 31. Rc1 Nb5 32. g4 Rd8 33. Bg2 Ke7 34.
Bf1 Nd6 35. Rc7+ Rd7 36. Rc2 Kd8 37. Bg2 Rc7 38. Rd2 Ke7 39. Rb2 b5 40. Bf1 Rc3
41. Bg2 g5 42. Re2 h6 43. Re5 f6 44. Re1 Kd7 45. Rb1 Ra3 46. Bb7 Ra4 47. h4 Nxb7
48. axb7 Kc7 49. Re1 Rxb4 50. Kh3 e5 51. Rd1 Rd4 0-1

[Event "1st Binhai Cup 2018"]
[Site "Tianjin CHN"]
[Date "2018.12.30"]
[Round "6.12"]
[White "Chen, KaiLin"]
[Black "Dai, Changren"]
[Result "0-1"]
[BlackTitle "IM"]
[WhiteElo "2016"]
[BlackElo "2464"]
[WhiteFideId "8620954"]
[BlackFideId "8608156"]
[EventDate "2018.12.25"]

1. e4 c5 2. Nf3 Nc6 3. d4 cxd4 4. Nxd4 Nf6 5. Nc3 d6 6. g3 Bd7 7. Bg2 g6 8. Nde2
Bg7 9. O-O h5 10. h4 O-O 11. b3 Rc8 12. Bb2 Ne5 13. Nd4 Qa5 14. Nd5 Nxd5 15.
exd5 Bg4 16. Qe1 Qb6 17. Rb1 Kh7 18. Ba1 Rfe8 19. Kh1 Qc5 20. c4 a6 21. Qe3 Bd7
22. f4 Ng4 23. Qd3 b5 24. Rbc1 bxc4 25. Rxc4 Qa5 26. Rxc8 Rxc8 27. Qe2 Bb5 28.
Nxb5 Bxa1 29. Rxa1 axb5 30. Bh3 Qc3 31. Rg1 Rc5 32. Bxg4 hxg4 33. Qe4 Qd2 34.
Qg2 Qd3 35. Rf1 b4 36. Rf2 Qxd5 37. Qxd5 Rxd5 38. Re2 e6 39. Re4 Rd1+ 40. Kg2
Rd2+ 41. Kg1 Rxa2 42. Rxb4 Rb2 43. Rb8 Kg7 44. Kf1 Kf6 45. Rb5 d5 46. Rb4 Kf5
47. Kg1 f6 48. Kf1 e5 49. Kg1 d4 50. Kf1 Ke4 51. fxe5 fxe5 52. Rb6 d3 53. Rxg6
Rb1+ 0-1

[Event "1st Binhai Cup 2018"]
[Site "Tianjin CHN"]
[Date "2018.12.30"]
[Round "6.13"]
[White "Popov, Mikhail"]
[Black "Wu, huanghui"]
[Result "0-1"]
[WhiteTitle "FM"]
[WhiteElo "2388"]
[BlackElo "2164"]
[WhiteFideId "4146182"]
[BlackFideId "8623929"]
[EventDate "2018.12.25"]

1. e4 e5 2. Nf3 Nc6 3. Bc4 Bc5 4. O-O Nf6 5. d3 h6 6. c3 d6 7. a4 a5 8. Na3 O-O
9. Nc2 Ne7 10. Be3 Bxe3 11. Nxe3 c6 12. Bb3 Ng6 13. Bc2 Qb6 14. Nc4 Qc5 15. Qe1
Bg4 16. b4 axb4 17. cxb4 Qa7 18. Nxd6 Bxf3 19. gxf3 Nh4 20. Qe3 Qb8 21. Nc4 Qc8
22. f4 Qg4+ 23. Qg3 exf4 24. Qxg4 Nxg4 25. f3 Nf6 26. Kf2 Rfd8 27. Rfb1 g5 28.
h3 Kg7 29. b5 h5 30. bxc6 bxc6 31. Rg1 Kh6 32. Ne5 Rf8 33. d4 Ng6 34. Nxc6 Rfc8
35. d5 Ne7 36. Rgc1 Nxc6 37. dxc6 Rxc6 38. Bd1 Rca6 39. Rc7 g4 40. hxg4 hxg4 41.
Bb3 g3+ 42. Kg2 Rb8 43. Rh1+ Kg5 44. Rc5+ Kg6 45. Bc2 Nd7 46. Rch5 Rab6 47. Rh7
Rb2 48. R1h6+ Kg5 49. Rc6 Ne5 50. Rc5 Kg6 51. Rh4 Kg5 52. Rg4+ Kf6 53. Rxf4+ Ke6
54. Rf5 Nd3 55. Kxg3 Rg8+ 56. Kh4 Nxc5 57. Rxc5 Kd6 58. Rd5+ Kc6 59. Rd2 Rg1 60.
e5 Rb8 61. Rd6+ Kc5 62. Bh7 Rh8 63. Rh6 Rg7 64. f4 Rhxh7 65. Rxh7 Rxh7+ 66. Kg5
Kd5 67. Kf6 Ke4 68. f5 Rh5 0-1

[Event "1st Binhai Cup 2018"]
[Site "Tianjin CHN"]
[Date "2018.12.30"]
[Round "6.14"]
[White "Xiao, Yiyi"]
[Black "Yang, Yijing"]
[Result "0-1"]
[WhiteTitle "WFM"]
[BlackTitle "WCM"]
[WhiteElo "2295"]
[BlackElo "2035"]
[WhiteFideId "8606161"]
[BlackFideId "8608601"]
[EventDate "2018.12.25"]

1. d4 e6 2. Bf4 d5 3. e3 c5 4. c3 Nc6 5. Nd2 Nf6 6. Ngf3 cxd4 7. exd4 Nh5 8. Bg5
f6 9. Be3 Bd6 10. Ne5 g6 11. Nxc6 bxc6 12. Bh6 Qc7 13. Qf3 Rb8 14. O-O-O Qb6 15.
Nb3 a5 16. Rd2 Kf7 17. g4 Ng7 18. Bg5 f5 19. Bf4 Ne8 20. h4 fxg4 21. Qg3 Qc7 22.
Bxd6 Qxd6 23. Nxa5 Qxg3 24. fxg3 Bd7 25. Rf2+ Ke7 26. Be2 Nf6 27. Rf4 Rbf8 28.
Bd3 Nh5 29. Rxg4 Rf3 30. Be2 Rxg3 31. Rh2 Rxg4 32. Bxg4 Nf6 33. Bf3 Rb8 34. Nb3
Kd6 35. Nc5 e5 36. dxe5+ Kxc5 37. exf6 Rf8 38. b4+ Kb6 39. a4 Rxf6 40. Be2 Bc8
41. a5+ Ka7 42. Bd1 Ba6 43. Kd2 Kb7 44. Bc2 Bc4 45. Bd1 Ka6 46. Ke3 Kb5 47. Bg4
h5 48. Bc8 Rf8 49. Bh3 Re8+ 50. Kd2 Re4 51. Bd7 Re7 52. Bc8 c5 53. bxc5 Rc7 54.
Be6 Re7 55. Bh3 Kxc5 56. Rg2 Bf1 57. Rh2 Bxh3 58. Rxh3 Ra7 59. Rg3 Rxa5 60. Rxg6
Ra2+ 61. Kd3 Rh2 62. Rg8 Rh3+ 63. Kc2 Rxh4 64. Rc8+ Kd6 65. Rd8+ Ke6 66. Kd3 Rg4
67. Rh8 h4 68. Rh5 Kd6 69. Rh8 Ke5 70. Rh5+ Ke6 71. Rh6+ Kf5 72. Rh5+ Kg6 73.
Rxd5 h3 74. Rd8 Kh7 75. Rd7+ Kh6 76. Rd8 Kg5 77. Rh8 Rh4 78. Rg8+ Kf4 79. Rg1 h2
80. Rh1 Kg3 81. c4 Kg2 82. Ra1 h1=Q 83. Rxh1 Kxh1 84. Kc3 Kg2 85. Kb4 Kf3 0-1

[Event "1st Binhai Cup 2018"]
[Site "Tianjin CHN"]
[Date "2018.12.30"]
[Round "6.15"]
[White "Zhang, Lanlin"]
[Black "Batchuluun, Tsegmed"]
[Result "0-1"]
[BlackTitle "GM"]
[WhiteElo "2178"]
[BlackElo "2567"]
[WhiteFideId "8608032"]
[BlackFideId "4900847"]
[EventDate "2018.12.25"]

1. e4 e5 2. Nf3 Nc6 3. Bb5 Nf6 4. d3 Bc5 5. O-O Nd4 6. Nxd4 Bxd4 7. c3 Bb6 8. d4
O-O 9. dxe5 Nxe4 10. Bd3 d5 11. exd6 Nxf2 12. Rxf2 Qxd6 13. Be2 Bxf2+ 14. Kxf2
Qxh2 15. Nd2 Qh4+ 16. Kg1 Re8 17. Nf3 Qg3 18. Bg5 Bh3 19. Bf1 Bg4 20. Bh4 Qxh4
21. Nxh4 Bxd1 22. Rxd1 Rad8 23. Rb1 g5 24. Nf5 Re5 25. Nd4 Kg7 26. Bc4 c5 27.
Nf3 Rf5 28. Re1 Kf6 29. Re2 h5 30. Nd2 h4 31. Ne4+ Kg6 32. Nf2 Rf4 33. Nd3 Rf5
34. Re4 Kf6 35. a4 b6 36. b3 Rd7 37. Nf2 Kg7 38. Be2 Rfd5 39. Bc4 Rd2 40. Re5 f6
41. Re8 f5 42. Rg8+ Kf6 43. Rf8+ Kg6 44. Rg8+ Kf6 45. Rf8+ Kg6 46. Rg8+ Rg7 47.
Rh8 Re7 48. Rg8+ Kf6 49. Rf8+ Kg6 50. Rg8+ Rg7 51. Rh8 g4 52. Nd3 Kg5 53. Kf1 g3
54. Ne5 Kf4 55. Nf3 Rf2+ 56. Kg1 Rd7 57. Rxh4+ Ke3 58. Nh2 gxh2+ 59. Kxh2 Rg7
60. Bd5 Rc2 61. Rh3+ Kd2 62. Rf3 Rg5 63. c4 Rc3 64. Rf2+ Kc1 65. a5 Rxb3 66. a6
Re3 67. Ra2 f4 68. Ra1+ Kd2 69. Ra2+ Kc3 0-1

[Event "1st Binhai Cup 2018"]
[Site "Tianjin CHN"]
[Date "2018.12.30"]
[Round "6.16"]
[White "Yan, Tianqi"]
[Black "Huang, Renjie"]
[Result "1/2-1/2"]
[WhiteElo "2098"]
[BlackElo "2328"]
[WhiteFideId "8615250"]
[BlackFideId "8610134"]
[EventDate "2018.12.25"]

1. e4 c5 2. Nf3 Nc6 3. d4 cxd4 4. Nxd4 g6 5. c4 Nf6 6. Nc3 d6 7. Be2 Nxd4 8.
Qxd4 Bg7 9. Be3 O-O 10. Qd2 a5 11. f3 a4 12. O-O Qa5 13. Rab1 Bd7 14. c5 Rfd8
15. cxd6 Bc6 16. Nd5 Nxd5 17. exd5 Qxd5 18. Qxd5 Bxd5 19. dxe7 Re8 20. Bc5 Bf6
21. Bb5 Bxe7 22. Rbc1 Bxc5+ 23. Rxc5 Red8 24. Rd1 Bxa2 25. Bxa4 Rxd1+ 26. Bxd1
Rd8 27. Bc2 Bd5 28. Rc3 Kf8 29. Rd3 Ke7 30. Bb3 Bxb3 31. Rxb3 Rd7 32. Kf2 Rc7
33. Ke3 Rc2 34. Rxb7+ Kf6 35. Rb6+ Kg7 36. g3 Rxh2 37. f4 h5 38. Kf3 Rd2 39. b4
Rb2 40. b5 f6 41. Rb7+ Kh6 42. Rf7 f5 43. Rb7 Rb3+ 44. Kg2 h4 45. gxh4 Kh5 46.
Rb6 Kg4 47. Rxg6+ Kxf4 48. b6 Rb2+ 49. Kg1 1/2-1/2

[Event "1st Binhai Cup 2018"]
[Site "Tianjin CHN"]
[Date "2018.12.30"]
[Round "6.17"]
[White "Stones, Rebecca"]
[Black "Zuo, Yifan"]
[Result "0-1"]
[BlackTitle "CM"]
[WhiteElo "1792"]
[BlackElo "2300"]
[WhiteFideId "3208281"]
[BlackFideId "8614610"]
[EventDate "2018.12.25"]

1. d4 Nf6 2. Nf3 e6 3. Bf4 c5 4. e3 b6 5. Nbd2 Bb7 6. c3 Be7 7. h3 O-O 8. Bd3 d6
9. O-O Nc6 10. Bc2 Qc7 11. Ne4 Nxe4 12. Bxe4 f5 13. Bc2 Kh8 14. Bg5 Rad8 15.
Bxe7 Qxe7 16. Bb3 Nb8 17. Qe2 Nd7 18. Rfd1 h6 19. Qc4 Bxf3 20. gxf3 Qh4 21. Qf1
d5 22. Kh2 Nf6 23. Bc2 g5 24. Qg2 Nh5 25. Rh1 Rg8 26. Kg1 cxd4 27. cxd4 Rc8 28.
Bd3 Nf4 29. Qf1 g4 30. hxg4 Rxg4+ 31. fxg4 Qxg4+ 32. Kh2 Qh4+ 33. Kg1 Rg8+ 34.
Qg2 Rxg2+ 35. Kf1 Qxh1# 0-1

[Event "1st Binhai Cup 2018"]
[Site "Tianjin CHN"]
[Date "2018.12.30"]
[Round "6.18"]
[White "Chu, Ruotong"]
[Black "Zhang, Xiao"]
[Result "1/2-1/2"]
[WhiteTitle "WIM"]
[WhiteElo "2261"]
[BlackElo "2017"]
[WhiteFideId "8605653"]
[BlackFideId "8610894"]
[EventDate "2018.12.25"]

1. d4 d5 2. Nf3 Nf6 3. g3 c5 4. Bg2 e6 5. O-O Nc6 6. e3 Be7 7. b3 b6 8. Bb2 Bb7
9. Nbd2 O-O 10. c4 cxd4 11. Nxd4 Nxd4 12. Bxd4 Rb8 13. a4 Bb4 14. Be5 Rc8 15.
Qc2 Qe7 16. Rfd1 Ng4 17. Bc3 Bxc3 18. Qxc3 dxc4 19. Bxb7 Qxb7 20. Nxc4 Qf3 21.
Qe1 Rc5 22. Rd4 e5 23. Nd2 Qf5 24. Rc4 Rxc4 25. Nxc4 Qh5 26. h4 Qf5 27. Qe2 Rd8
28. e4 Qd7 29. Ne3 Nxe3 30. Qxe3 Qd4 31. Rc1 1/2-1/2

[Event "1st Binhai Cup 2018"]
[Site "Tianjin CHN"]
[Date "2018.12.30"]
[Round "6.19"]
[White "Jiang, Qinyu"]
[Black "Maisuradze, Nino"]
[Result "1/2-1/2"]
[BlackTitle "WGM"]
[WhiteElo "2037"]
[BlackElo "2248"]
[WhiteFideId "8612927"]
[BlackFideId "13601717"]
[EventDate "2018.12.25"]

1. e4 c5 2. Nf3 Nc6 3. d4 cxd4 4. Nxd4 g6 5. Be3 Bg7 6. c4 Nf6 7. Nc3 O-O 8. Be2
d6 9. O-O Bd7 10. h3 Nxd4 11. Bxd4 Bc6 12. e5 dxe5 13. Bxe5 Qxd1 14. Rfxd1 Rfd8
15. Rxd8+ Rxd8 16. Rd1 Rxd1+ 17. Bxd1 Kf8 18. Kf1 Nd7 19. Bxg7+ Kxg7 20. Ne2 Ne5
21. b3 Kf6 22. Nd4 Bd7 23. f4 Nd3 24. g3 Nc5 25. Ke2 Ne4 26. g4 Nc5 27. Ke3 b6
28. Bc2 Ne6 29. Nxe6 Bxe6 30. Be4 Bd7 31. Kd4 Ke6 32. f5+ Kd6 33. fxg6 hxg6 34.
b4 e5+ 35. Ke3 f5 36. gxf5 gxf5 37. Bg2 f4+ 38. Kd3 a6 39. h4 Bf5+ 40. Be4 Bxe4+
41. Kxe4 Ke6 42. h5 1/2-1/2

[Event "1st Binhai Cup 2018"]
[Site "Tianjin CHN"]
[Date "2018.12.30"]
[Round "6.20"]
[White "Nie, Xinyang"]
[Black "Wang, Zideng"]
[Result "1-0"]
[BlackTitle "CM"]
[WhiteElo "2229"]
[BlackElo "2068"]
[WhiteFideId "8607222"]
[BlackFideId "8614350"]
[EventDate "2018.12.25"]

1. c4 e5 2. Nc3 c5 3. g3 g6 4. Bg2 Nc6 5. e3 Bg7 6. Nge2 Nge7 7. O-O d6 8. b3 h5
9. Bb2 h4 10. Nd5 Nxd5 11. cxd5 Ne7 12. d4 hxg3 13. hxg3 exd4 14. exd4 Bf5 15.
Qd2 c4 16. bxc4 Qd7 17. f3 Bh6 18. Nf4 Bh3 19. Bxh3 Qxh3 20. Nxh3 Bxd2 21. Nf2
Nf5 22. Ne4 Be3+ 23. Kg2 O-O-O 24. Rh1 Rxh1 25. Rxh1 Bxd4 26. Bxd4 Nxd4 27. Nf6
Nc2 28. Rc1 Nb4 29. a3 Nd3 30. Rc3 Nc5 31. Re3 Nd7 32. Ne4 Nb6 33. Rc3 Na4 34.
Rc2 Nb6 35. f4 Kc7 36. Ng5 Rd7 37. Kf3 Re7 38. g4 Nd7 39. Ne4 b6 40. Rh2 f5 41.
gxf5 gxf5 42. Ng3 a6 43. Nxf5 Rf7 44. Ne3 b5 45. Rc2 Nc5 46. f5 Kb6 47. Kf4 a5
48. cxb5 Kxb5 49. Rb2+ Ka4 50. Rb6 Kxa3 51. Nc4+ Ka4 52. Nxd6 Rf6 53. Rc6 Nd7
54. Ne4 Rf8 55. Rd6 Nb8 56. Rb6 Ka3 57. Nc5 1-0

[Event "1st Binhai Cup 2018"]
[Site "Tianjin CHN"]
[Date "2018.12.30"]
[Round "6.21"]
[White "Li, Haoyu B."]
[Black "Padmini, Rout"]
[Result "0-1"]
[BlackTitle "IM"]
[WhiteElo "2100"]
[BlackElo "2345"]
[WhiteFideId "8610169"]
[BlackFideId "5029295"]
[EventDate "2018.12.25"]

1. e4 e6 2. d4 d5 3. Nc3 Nf6 4. e5 Nfd7 5. f4 c5 6. Nf3 Nc6 7. Be3 a6 8. Qd2 Be7
9. O-O-O c4 10. f5 b5 11. Ne2 exf5 12. Nf4 Nf8 13. h3 b4 14. Bxc4 dxc4 15. d5
Qa5 16. Kb1 c3 17. Qf2 b3 18. axb3 cxb2 19. Kxb2 Bb4 20. Rd3 Ba3+ 21. Kb1 Nb4
22. Rd4 Ng6 23. c3 Nxf4 24. cxb4 Bxb4 25. Bxf4 Bc3 26. Ra4 Qxd5 27. Rc4 Qa5 28.
Ra4 Qb5 29. Qc2 Rb8 30. Qxc3 Qxa4 31. Qxc8+ Rxc8 32. bxa4 Rc4 33. Rc1 Rb4+ 34.
Ka2 O-O 35. Bd2 Rxa4+ 36. Kb3 Re4 37. Ra1 Ra8 38. Bc3 Re2 39. Ra2 Rb8+ 40. Ka3
Rxa2+ 41. Kxa2 Rb5 42. Ka3 h6 43. Bb4 g5 44. Bd6 f4 45. Bb4 Kh7 46. Be1 Kg6 47.
Ka4 Rb1 48. Ka5 h5 49. Bd2 Ra1+ 50. Kb6 Ra2 51. Bc1 Rxg2 52. Bxf4 Rb2+ 0-1

[Event "1st Binhai Cup 2018"]
[Site "Tianjin CHN"]
[Date "2018.12.30"]
[Round "6.22"]
[White "Hu, Yu A."]
[Black "Gu, Tianlu"]
[Result "1/2-1/2"]
[BlackTitle "WIM"]
[WhiteElo "2032"]
[BlackElo "2231"]
[WhiteFideId "8609993"]
[BlackFideId "8603995"]
[EventDate "2018.12.25"]

1. e4 e5 2. Nf3 Nc6 3. Bb5 a6 4. Ba4 Nf6 5. O-O b5 6. Bb3 Be7 7. Re1 d6 8. c3
O-O 9. h3 Re8 10. d3 Na5 11. Bc2 c5 12. Nbd2 Bf8 13. Nf1 g6 14. d4 exd4 15. cxd4
cxd4 16. Nxd4 Bb7 17. Ng3 Bg7 18. Bf4 Qb6 19. Nf3 Nc4 20. Rc1 d5 21. e5 Nd7 22.
Bb3 Ndxe5 23. Nxe5 Bxe5 24. Bxe5 Nxe5 25. Qd2 Nc4 26. Qg5 f6 27. Qg4 Ne5 28. Qe4
Rad8 29. Rcd1 Kg7 30. Qf4 Nd3 31. Nf5+ gxf5 32. Qg3+ Kh8 33. Rxe8+ Rxe8 34. Qxd3
Re5 35. Qd2 Kg7 36. Qf4 Qd6 37. Qg3+ Kh8 38. Bc2 Qc6 39. Bb3 Qd6 40. Bc2 d4 41.
Bxf5 Qd5 42. Bg4 Rg5 43. Re1 Rg8 44. Bf3 Qf5 45. Bg4 Qg6 46. Re7 Be4 47. Qf4 Ba8
48. Re6 Rf8 49. Qd6 Kg8 50. Qg3 a5 51. Rd6 Kh8 52. Rxd4 Rg8 53. Rd6 Qb1+ 54. Kh2
Qxb2 55. Rd7 Be4 56. Qe3 f5 57. Bf3 Qe5+ 58. g3 Rg7 59. Rd8+ Rg8 60. Rd7 Rg7 61.
Rd8+ Rg8 62. Rd7 Rg7 63. Rd8+ Rg8 64. Rd7 1/2-1/2